Electronic devices and circuit theory | 9th (Record no. 29322)
[ view plain ]
| 000 -LEADER | |
|---|---|
| fixed length control field | 00516nam a2200205Ia 4500 |
| 001 - CONTROL NUMBER | |
| control field | 29250 |
| 008 - FIXED-LENGTH DATA ELEMENTS--GENERAL INFORMATION | |
| fixed length control field | 140415s9999 xx 000 0 und d |
| 020 ## - INTERNATIONAL STANDARD BOOK NUMBER | |
| International Standard Book Number | 81-7758-158-9 |
| 040 ## - CATALOGING SOURCE | |
| Transcribing agency | PK-LaUMT |
| 082 ## - DEWEY DECIMAL CLASSIFICATION NUMBER | |
| Classification number | 621.3815 |
| Item number | BOY-E |
| 100 ## - MAIN ENTRY--PERSONAL NAME | |
| Personal name | K. Lal Kishore |
| 245 ## - TITLE STATEMENT | |
| Title | Electronic devices and circuit theory |
| -- | 9th |
| 260 ## - PUBLICATION, DISTRIBUTION, ETC. (IMPRINT) | |
| Place of publication, distribution, etc | Delhi,India: |
| Name of publisher, distributor, etc | Pearson Education, |
| Date of publication, distribution, etc | 2006 |
| 300 ## - PHYSICAL DESCRIPTION | |
| Extent | 610 p. |
| 546 ## - LANGUAGE NOTE | |
| Language note | EN |
| 650 ## - SUBJECT ADDED ENTRY--TOPICAL TERM | |
| Topical term or geographic name as entry element | Electronics |
| 700 ## - ADDED ENTRY--PERSONAL NAME | |
| Personal name | Louis Nashelsky |
| 700 ## - ADDED ENTRY--PERSONAL NAME | |
| Personal name | Robert L. Boylestad |
| 942 ## - ADDED ENTRY ELEMENTS (KOHA) | |
| Koha item type | Books |
| Withdrawn status | Lost status | Source of classification or shelving scheme | Damaged status | Not for loan | Home library | Current library | Date acquired | Total Checkouts | Full call number | Barcode | Date last seen | Date checked out | Price effective from | Koha item type |
|---|---|---|---|---|---|---|---|---|---|---|---|---|---|---|
| Withdrawn | Dewey Decimal Classification | Damaged | Not For Loan | UMT Main Campus | UMT Main Campus | 2014-04-15 | 2 | 621.3815 BOY-E | 36214 | 2016-03-31 | 2015-06-26 | 2014-04-25 | Books |
